000 00263nam a2200097Ia 4500
001 642773
005 20250826153533.0
008 250824s9999 xx 000 0 und d
245 0 _aKocaağız Bey’in Köpekbalığı Dersleri
_cMichael Cox
260 _bBEYAZ BALİNA
999 _c642773
_d642773